000 00299nam a2200121Ia 4500
008 191201s2003 xx 000 0 und d
100 _aKUMAR, R.
245 0 _aCalculus (Differential & Integral) B.A/ B.Sc
260 _aN. Delhi
_bVerdman Pub
_c2003
300 _a452
650 _aMBA
942 _2ddc
_cBK
999 _c382
_d382